| 000 | 00604nam a2200205 a 4500 | ||
|---|---|---|---|
| 001 | 2358 | ||
| 003 | CDMR | ||
| 005 | 20131202164922.0 | ||
| 008 | 130130s1985||||||||||||||||||||||||||||d | ||
| 020 | _a9501270114 | ||
| 040 |
_aCDMR _bcat _cCDMR |
||
| 100 | 1 |
_aMartin, James _91762 |
|
| 245 | 1 | 3 |
_aLa sociedad telemática _b: el desafio del mañana _cJames Martin |
| 260 |
_aBuenos Aires _c1985 _bPaidós |
||
| 300 | _a318 p. | ||
| 490 | 0 |
_aPaidós. Ideas y perspectivas _v11 |
|
| 650 | 0 | 4 |
_93156 _aSocietat de la informació |
| 650 | 0 | 4 |
_93508 _aTecnologia de la informació _xAspectes socials |
| 942 |
_cMON _2udc |
||
| 999 |
_c2358 _d2358 |
||